[Event "Oberfranken-ch"]
[Site "Kronach"]
[Date "2023.11.03"]
[Round "4"]
[White "Averkova, Mariia"]
[Black "Koppe, Sven"]
[Result "1-0"]
[WhiteElo "1317"]
[BlackElo "1402"]
[PlyCount "100"]
[EventDate "2023.11.02"]
[EventType "swiss"]
[EventRounds "7"]
[EventCountry "GER"]
[SourceTitle "CB46_2023"]
[SourceDate "2023.11.15"]
[SourceVersion "1"]
[SourceVersionDate "2023.11.15"]
[SourceQuality "1"]

1. d4 Nf6 2. Nf3 d5 3. e3 Bg4 4. Be2 Nbd7 5. Nbd2 e6 6. 0-0 Bd6 7. b3 c5 8. Bb2 Qc7 9. h3 Bf5 10. Rc1 b6 11. Nh4 0-0 12. f4 Ne4 13. Nxe4 Bxe4 14. Qe1 Be7 15. Nf3 h6 16. Qg3 Bf6 17. Ne5 Qd8 18. Bd3 Bxd3 19. Nxd3 g6 20. Ne5 Kh7 21. dxc5 Nxc5 22. c4 Ne4 23. Qe1 Be7 24. Nf3 a5 25. a3 Bf6 26. Nd4 Bh4 27. Qd1 Bg3 28. Ne2 Bh4 29. Nc3 Be7 30. cxd5 Nxc3 31. Rxc3 Qxd5 32. Qxd5 exd5 33. Rd3 Rfd8 34. Rfd1 Bc5 35. Bd4 Rac8 36. Bxc5 Rxc5 37. e4 Kg7 38. Rxd5 Rcxd5 39. Rxd5 Rxd5 40. exd5 Kf6 41. Kf2 g5 42. Ke3 Ke7 43. fxg5 hxg5 44. Kd4 Kd6 45. g3 f6 46. h4 gxh4 47. gxh4 f5 48. h5 f4 49. h6 f3 50. Ke3 Kxd5 1-0